<?xml version="1.0" encoding="UTF-8"?>
<record
    xmlns:xsi="http://www.w3.org/2001/XMLSchema-instance"
    xsi:schemaLocation="http://www.loc.gov/MARC21/slim http://www.loc.gov/standards/marcxml/schema/MARC21slim.xsd"
    xmlns="http://www.loc.gov/MARC21/slim">

  <leader>00994nam a2200277 b 4500</leader>
  <datafield tag="999" ind1=" " ind2=" ">
    <subfield code="c">7359</subfield>
    <subfield code="d">7359</subfield>
  </datafield>
  <controlfield tag="003">OSt</controlfield>
  <controlfield tag="005">20210916114331.0</controlfield>
  <controlfield tag="008">000803s2021    sp            000 0 spa d</controlfield>
  <datafield tag="020" ind1=" " ind2=" ">
    <subfield code="a">9788416372935</subfield>
  </datafield>
  <datafield tag="040" ind1=" " ind2=" ">
    <subfield code="a">CDMR</subfield>
    <subfield code="d">CDMR</subfield>
    <subfield code="b">cat</subfield>
    <subfield code="c">CDMR</subfield>
  </datafield>
  <datafield tag="080" ind1=" " ind2=" ">
    <subfield code="a">860-92</subfield>
  </datafield>
  <datafield tag="100" ind1="1" ind2=" ">
    <subfield code="a">Sagarra, Joan de</subfield>
  </datafield>
  <datafield tag="245" ind1="1" ind2="4">
    <subfield code="a">Las rumbas de Joan de Sagarra / </subfield>
    <subfield code="c">Joan de Sagarra ; Con nueva introducci&#xF3;n del autor y homenajes de Jos&#xE9; Mart&#xED; G&#xF3;mez, Enrique Vila-Matas, Miquel Molina y Bego&#xF1;a G&#xF3;mez Urzaiz; [pr&#xF3;logo de Josep Maria Carandell]</subfield>
  </datafield>
  <datafield tag="250" ind1=" " ind2=" ">
    <subfield code="a">Edici&#xF3;n 50&#xBA; aniversario</subfield>
  </datafield>
  <datafield tag="260" ind1=" " ind2=" ">
    <subfield code="a">Barcelona : </subfield>
    <subfield code="b">Libros de Vanguardia</subfield>
    <subfield code="c">2021</subfield>
  </datafield>
  <datafield tag="300" ind1=" " ind2=" ">
    <subfield code="a">320 p&#xE0;gines</subfield>
    <subfield code="c">18 cm</subfield>
  </datafield>
  <datafield tag="500" ind1=" " ind2=" ">
    <subfield code="a">Sumari</subfield>
  </datafield>
  <datafield tag="600" ind1="1" ind2="0">
    <subfield code="9">2961</subfield>
    <subfield code="a">Sagarra, Joan de</subfield>
  </datafield>
  <datafield tag="650" ind1=" " ind2="0">
    <subfield code="9">3172</subfield>
    <subfield code="a">Periodisme</subfield>
    <subfield code="z">Catalunya</subfield>
    <subfield code="y">Segle XX</subfield>
  </datafield>
  <datafield tag="700" ind1=" " ind2=" ">
    <subfield code="a">Carandell, Jose Maria</subfield>
    <subfield code="9">4648</subfield>
  </datafield>
  <datafield tag="700" ind1=" " ind2=" ">
    <subfield code="a">G&#xF3;mez Urzaiz, Bego&#xF1;a</subfield>
    <subfield code="9">4652</subfield>
  </datafield>
  <datafield tag="700" ind1=" " ind2=" ">
    <subfield code="a">Molina, Miquel</subfield>
    <subfield code="9">4651</subfield>
  </datafield>
  <datafield tag="700" ind1="1" ind2=" ">
    <subfield code="a">Mart&#xED; G&#xF3;mez, Jos&#xE9;</subfield>
    <subfield code="9">673</subfield>
  </datafield>
  <datafield tag="700" ind1=" " ind2=" ">
    <subfield code="a">Vila-Matas, Enrique</subfield>
    <subfield code="9">4650</subfield>
  </datafield>
  <datafield tag="942" ind1=" " ind2=" ">
    <subfield code="2">udc</subfield>
    <subfield code="c">MON</subfield>
  </datafield>
  <datafield tag="952" ind1=" " ind2=" ">
    <subfield code="0">0</subfield>
    <subfield code="1">0</subfield>
    <subfield code="4">0</subfield>
    <subfield code="7">0</subfield>
    <subfield code="a">CDMR</subfield>
    <subfield code="b">CDMR</subfield>
    <subfield code="d">2021-09-02</subfield>
    <subfield code="e">Donaci&#xF3;</subfield>
    <subfield code="g">18.05</subfield>
    <subfield code="l">0</subfield>
    <subfield code="o">Du 6/107</subfield>
    <subfield code="p">CDMR21090001</subfield>
    <subfield code="r">2021-09-02</subfield>
    <subfield code="w">2021-09-02</subfield>
    <subfield code="y">MON</subfield>
  </datafield>
</record>
